Engineering economy (Record no. 1549)

000 -LEADER
fixed length control field 00674nam a22002294a 4500
001 - CONTROL NUMBER
control field 1549
003 - CONTROL NUMBER IDENTIFIER
control field BD-DhUET
008 - FIXED-LENGTH DATA ELEMENTS--GENERAL INFORMATION
fixed length control field 000424s2001 njua b 001 0 eng
020 ## - INTERNATIONAL STANDARD BOOK NUMBER
International Standard Book Number 013028128X
040 ## - CATALOGING SOURCE
Original cataloging agency DLC
Transcribing agency DLC
Modifying agency BD-DhUET
082 00 - DEWEY DECIMAL CLASSIFICATION NUMBER
Classification number 620.02
Item number THU/2001
100 ## - MAIN ENTRY--PERSONAL NAME
Personal name Thuesen, G. J.
245 10 - TITLE STATEMENT
Title Engineering economy
Statement of responsibility, etc. by G.J. Thuesen and W.J. Fabrycky
250 ## - EDITION STATEMENT
Edition statement 9th ed.
260 ## - PUBLICATION, DISTRIBUTION, ETC. (IMPRINT)
Place of publication, distribution, etc. New Jersy
Name of publisher, distributor, etc. Prentice Hall
Date of publication, distribution, etc. 2001
300 ## - PHYSICAL DESCRIPTION
Extent xiv, 637 p.
Other physical details ill.
Dimensions 25 cm.
490 ## - SERIES STATEMENT
Series statement Prentice hall international series in industrial and sytems engineering
504 ## - BIBLIOGRAPHY, ETC. NOTE
Bibliography, etc Includes bibliographies
650 #0 - SUBJECT ADDED ENTRY--TOPICAL TERM
Topical term or geographic name as entry element Engineering economy
700 1# - ADDED ENTRY--PERSONAL NAME
Personal name Fabrycky, W. J.
942 ## - ADDED ENTRY ELEMENTS (KOHA)
Koha item type General Book
Holdings
Koha item type Koha date last borrowed Koha full call number Damaged status Koha date last seen Date acquired Withdrawn status Sublocation or collection (holding branch) Shelving location Copy number Location (home branch) Not for loan Lost status Price effective from Koha issues (times borrowed) Piece designation (barcode) Source of classification or shelving scheme Koha normalized classification for sorting
General Book 620.02/THU/2001 2014-09-082014-09-08 Central Library, BUETCirculation section1Central Library, BUET  2014-09-08 102596 620_000000000000000_02THU2001
General Book 620.02/THU/2001 2014-09-082014-09-08 Central Library, BUETCirculation section2Central Library, BUET  2014-09-08 102594 620_000000000000000_02THU2001
General Book2021-11-29620.02/THU/2001 2021-12-202014-09-08 Central Library, BUETCirculation section3Central Library, BUET  2014-09-081102590 620_000000000000000_02THU2001
General Book 620.02/THU/2001 2014-09-082014-09-08 Central Library, BUETCirculation section4Central Library, BUET  2014-09-08 102595 620_000000000000000_02THU2001
General Book 620.02/THU/2001 2014-09-082014-09-08 Central Library, BUETCirculation section5Central Library, BUET  2014-09-08 102589 620_000000000000000_02THU2001
General Book 620.02/THU/2001 2014-09-082014-09-08 Central Library, BUETCirculation section6Central Library, BUET  2014-09-08 102588 620_000000000000000_02THU2001
General Book2022-03-21620.02/THU/2001 2022-04-162014-09-08 Central Library, BUETCirculation section8Central Library, BUET  2014-09-082102592 620_000000000000000_02THU2001
General Book 620.02/THU/2001 2014-09-082014-09-08 Central Library, BUETCirculation section9Central Library, BUET  2014-09-08 102591 620_000000000000000_02THU2001
General Book 620.02/THU/2001 2014-09-152014-09-15 Central Library, BUETCirculation section10Central Library, BUET  2014-09-15 102593 620_000000000000000_02THU2001
General Book2021-12-04620.02/THU/2001 2021-12-202014-09-27 Central Library, BUETCirculation section11Central Library, BUET  2014-09-273101877 620_000000000000000_02THU2001
General Book 620.02/THU/2001 2014-10-192014-10-19 Central Library, BUETCirculation section12Central Library, BUET  2014-10-19 112838 620_000000000000000_02THU2001
General Book 620.02/THU/2001 2014-11-232014-11-23 Central Library, BUETCirculation section13Central Library, BUET  2014-11-23 101878 620_020000000000000_THU_2001